Szczegóły MARC21

Die Stücke von Bertold Brecht in einem Band.

003 -Nazwa inst., której nr kontr. jest w polu 001 [,]
    • @
    • Nazwa instytucji, której n kontrolny jest w polu 001
    • NUKAT
005 -DATA I CZAS OSTATNIEJ MODYFIKACJI [,]
    • @
    • pole kontrolne
    • 20241231115240.0
020 -Międzynarod. znormalizowany nr książki - ISBN [ , ]
    • a
    • Numer ISBN
    • 3518024744 Find
040 -Instytucja sporządzająca opis [ , ]
    • a
    • Instytucja, która sporządziła opis (NP)
    • TOR U/BSM
    • c
    • Instytucja, która sporządziła rekord (NP)
    • TOR U/BSM
    • d
    • Instytucja, która zmodyfikowała rekord (P)
    • TOR U/BSM
942 -Rodzaj dokumentu [ , ]
    • c
    • Rodzaj dokumentu
    • Książka
100 -Hasło główne - nazwa osobowa [1, ]
    • a
    • Nazwa osobowa (NP)
    • Brecht, Bertolt
    • d
    • Daty biograficzne (NP)
    • (1898-1956).
    • 9
    • KHW
    • 51242
245 -Strefa tytułu i oznaczenia odpowiedzialności [1,4]
    • a
    • Tytuł
    • Die Stücke von Bertold Brecht in einem Band. Find
250 -Strefa wydania [ , ]
    • a
    • Oznaczenie wydania (NP)
    • 4. Aufl.
260 -Strefa adresu wydawniczego [ , ]
    • a
    • Miejsce wydania (P)
    • Frankfurt am Main :
    • b
    • Nazwa wydawcy (P)
    • Suhrkamp Verlag,
    • c
    • Data wydania (P)
    • 1982.
300 -Strefa opisu fizycznego [ , ]
    • a
    • Określenie formy książki i/lub objętość (NP)
    • 1003, [1] s. ;
    • c
    • Format (NP)
    • 24 cm.
336 -Typ zawartości [ , ]
    • a
    • Termin opisujący typ zawartości
    • Tekst
    • b
    • Kod określający zawartość
    • txt
    • 2
    • Źródło (terminu i kodu)
    • rdacontent
337 -Typ mediów [ , ]
    • a
    • Tryb odtwarzania
    • Bez urządzenia pośredniczącego
    • b
    • Kod typu mediów
    • n
    • 2
    • Źródło (terminu i kodu)
    • rdamedia
338 -Typ/rodzaj nośnika [ , ]
    • a
    • Hasło opisujące typ nośnika
    • Wolumin
    • b
    • Kod typu nośnika
    • nc
    • 2
    • Źródło (terminu i kodu)
    • rdacarrier
500 -Uwaga ogólna [ , ]
    • a
    • Uwaga ogólna (NP)
    • Druk dwuszpaltowy.
505 -Uwaga dot. zawartości książki [0, ]
    • a
    • Uwaga dot. zawartości książki
    • Baal ; Im Dickicht der Städte ; Leben Eduards des Zweiten von England ; Mann ist Mann ; Die Dreigroschenoper ; Aufstieg und Fall der Stadt Mahagonny ; Der Ozeanflug ; Das Badener Lehrstück vom Einverständnis ; Der Jasager und Der Neinsager ; Die Massnahme ; Die Heilige Johanna von Schlachthöfe ; Die Ausnahme udn die Regel ; Die Mutter ; Die Rundköpfe und die Spitzköpfe ; Die Horatier und die Kuriatier ; Furcht und Elend des Dritten Reiches ; Die Gewehre der Frau Carrar ; Leben des Galilei ; Mutter Courage und ihre Kinder ; Das Verhör des Lukullus ; Der gute Mensch von Sezuan ; Herr Puntila und sein Knecht Matti ; Der aufhaltsame Aufstieg des Arturo Ui ; Die Gesichte der Simone Machard ; Schweyk im Zweiten Weltkrieg ; Der Kaukasische Kreidekreis ; Die Tage der Commune ; Turandot oder der Kongress der Weisswäscher ; Die Kleinbürgerhochzeit ; Der Bettler oder der tote Hund ; Er treibt einen Teufel aus ; Lux in Tenebris ; Der Fischzug ; Dansen ; Was kostet das Eisen? ; Die sieben Totsünden der Kleinbürger ; Das epische Theater.
700 -Hasło dodatkowe - nazwa osobowa [1,2]
    • a
    • Nazwa osobowa (NP)
    • Brecht, Bertolt Find
    • d
    • Daty biograficzne (NP)
    • (1898-1956).
    • t
    • Tytuł ujednolicony/tytuł (NP)
    • Baal Find
    • l
    • Język tekstu (NP)
    • (niem.)
    • 9
    • KHW
    • 449116
700 -Hasło dodatkowe - nazwa osobowa [1,2]
    • a
    • Nazwa osobowa (NP)
    • Brecht, Bertolt Find
    • d
    • Daty biograficzne (NP)
    • (1898-1956).
    • t
    • Tytuł ujednolicony/tytuł (NP)
    • Trommeln in der Nacht Find
    • l
    • Język tekstu (NP)
    • (niem.)
    • 9
    • KHW
    • 449115
700 -Hasło dodatkowe - nazwa osobowa [1,2]
    • a
    • Nazwa osobowa (NP)
    • Brecht, Bertolt Find
    • d
    • Daty biograficzne (NP)
    • (1898-1956).
    • t
    • Tytuł ujednolicony/tytuł (NP)
    • Im Dickicht der Städte Find
    • l
    • Język tekstu (NP)
    • (niem.)
    • 9
    • KHW
    • 449117
700 -Hasło dodatkowe - nazwa osobowa [1,2]
    • a
    • Nazwa osobowa (NP)
    • Brecht, Bertolt Find
    • d
    • Daty biograficzne (NP)
    • (1898-1956).
    • t
    • Tytuł ujednolicony/tytuł (NP)
    • Leben Eduards des Zweiten von England Find
    • l
    • Język tekstu (NP)
    • (niem.)
    • 9
    • KHW
    • 449119
700 -Hasło dodatkowe - nazwa osobowa [1,2]
    • a
    • Nazwa osobowa (NP)
    • Brecht, Bertolt Find
    • d
    • Daty biograficzne (NP)
    • (1898-1956).
    • t
    • Tytuł ujednolicony/tytuł (NP)
    • Mann ist Mann Find
    • l
    • Język tekstu (NP)
    • (niem.)
    • 9
    • KHW
    • 449120
700 -Hasło dodatkowe - nazwa osobowa [1,2]
    • a
    • Nazwa osobowa (NP)
    • Brecht, Bertolt Find
    • d
    • Daty biograficzne (NP)
    • (1898-1956).
    • t
    • Tytuł ujednolicony/tytuł (NP)
    • Dreigroschenoper Find
    • l
    • Język tekstu (NP)
    • (niem.)
    • 9
    • KHW
    • 427947
700 -Hasło dodatkowe - nazwa osobowa [1,2]
    • a
    • Nazwa osobowa (NP)
    • Brecht, Bertolt Find
    • d
    • Daty biograficzne (NP)
    • (1898-1956).
    • t
    • Tytuł ujednolicony/tytuł (NP)
    • Aufstieg und Fall der Stadt Mahagonny Find
    • l
    • Język tekstu (NP)
    • (niem.)
    • 9
    • KHW
    • 449113
700 -Hasło dodatkowe - nazwa osobowa [1,2]
    • a
    • Nazwa osobowa (NP)
    • Brecht, Bertolt Find
    • d
    • Daty biograficzne (NP)
    • (1898-1956).
    • t
    • Tytuł ujednolicony/tytuł (NP)
    • Ozeanflug Find
    • l
    • Język tekstu (NP)
    • (niem.)
    • 9
    • KHW
    • 449128
700 -Hasło dodatkowe - nazwa osobowa [1,2]
    • a
    • Nazwa osobowa (NP)
    • Brecht, Bertolt Find
    • d
    • Daty biograficzne (NP)
    • (1898-1956).
    • t
    • Tytuł ujednolicony/tytuł (NP)
    • Badener Lehrstück vom Einverständnis Find
    • l
    • Język tekstu (NP)
    • (niem.)
    • 9
    • KHW
    • 449118
700 -Hasło dodatkowe - nazwa osobowa [1,2]
    • a
    • Nazwa osobowa (NP)
    • Brecht, Bertolt Find
    • d
    • Daty biograficzne (NP)
    • (1898-1956).
    • t
    • Tytuł ujednolicony/tytuł (NP)
    • Jasager und der Neinsager Find
    • l
    • Język tekstu (NP)
    • (niem.)
    • 9
    • KHW
    • 449138
700 -Hasło dodatkowe - nazwa osobowa [1,2]
    • a
    • Nazwa osobowa (NP)
    • Brecht, Bertolt Find
    • d
    • Daty biograficzne (NP)
    • (1898-1956).
    • t
    • Tytuł ujednolicony/tytuł (NP)
    • Massnahme Find
    • l
    • Język tekstu (NP)
    • (niem.)
    • 9
    • KHW
    • 449121
700 -Hasło dodatkowe - nazwa osobowa [1,2]
    • a
    • Nazwa osobowa (NP)
    • Brecht, Bertolt Find
    • d
    • Daty biograficzne (NP)
    • (1898-1956).
    • t
    • Tytuł ujednolicony/tytuł (NP)
    • Heilige Johanna der Schlachthöfe Find
    • l
    • Język tekstu (NP)
    • (niem.)
    • 9
    • KHW
    • 427907
700 -Hasło dodatkowe - nazwa osobowa [1,2]
    • a
    • Nazwa osobowa (NP)
    • Brecht, Bertolt Find
    • d
    • Daty biograficzne (NP)
    • (1898-1956).
    • t
    • Tytuł ujednolicony/tytuł (NP)
    • Ausnahme und die Regel Find
    • l
    • Język tekstu (NP)
    • (niem.)
    • 9
    • KHW
    • 449122
700 -Hasło dodatkowe - nazwa osobowa [1,2]
    • a
    • Nazwa osobowa (NP)
    • Brecht, Bertolt Find
    • d
    • Daty biograficzne (NP)
    • (1898-1956).
    • t
    • Tytuł ujednolicony/tytuł (NP)
    • Mutter Find
    • l
    • Język tekstu (NP)
    • (niem.)
    • 9
    • KHW
    • 449111
700 -Hasło dodatkowe - nazwa osobowa [1,2]
    • a
    • Nazwa osobowa (NP)
    • Brecht, Bertolt Find
    • d
    • Daty biograficzne (NP)
    • (1898-1956).
    • t
    • Tytuł ujednolicony/tytuł (NP)
    • Rundköpfe und die Spitzköpfe Find
    • l
    • Język tekstu (NP)
    • (niem.)
    • 9
    • KHW
    • 449123
700 -Hasło dodatkowe - nazwa osobowa [1,2]
    • a
    • Nazwa osobowa (NP)
    • Brecht, Bertolt Find
    • d
    • Daty biograficzne (NP)
    • (1898-1956).
    • t
    • Tytuł ujednolicony/tytuł (NP)
    • Horatier und die Kuriatier Find
    • l
    • Język tekstu (NP)
    • (niem.)
    • 9
    • KHW
    • 449124
700 -Hasło dodatkowe - nazwa osobowa [1,2]
    • a
    • Nazwa osobowa (NP)
    • Brecht, Bertolt Find
    • d
    • Daty biograficzne (NP)
    • (1898-1956).
    • t
    • Tytuł ujednolicony/tytuł (NP)
    • Furcht und Elend des Dritten Reiches Find
    • l
    • Język tekstu (NP)
    • (niem.)
    • 9
    • KHW
    • 449106
700 -Hasło dodatkowe - nazwa osobowa [1,2]
    • a
    • Nazwa osobowa (NP)
    • Brecht, Bertolt Find
    • d
    • Daty biograficzne (NP)
    • (1898-1956).
    • t
    • Tytuł ujednolicony/tytuł (NP)
    • Gewehre der Frau Carrar Find
    • l
    • Język tekstu (NP)
    • (niem.)
    • 9
    • KHW
    • 427938
700 -Hasło dodatkowe - nazwa osobowa [1,2]
    • a
    • Nazwa osobowa (NP)
    • Brecht, Bertolt Find
    • d
    • Daty biograficzne (NP)
    • (1898-1956).
    • t
    • Tytuł ujednolicony/tytuł (NP)
    • Leben des Galilei Find
    • l
    • Język tekstu (NP)
    • (niem.)
    • 9
    • KHW
    • 449110
700 -Hasło dodatkowe - nazwa osobowa [1,2]
    • a
    • Nazwa osobowa (NP)
    • Brecht, Bertolt Find
    • d
    • Daty biograficzne (NP)
    • (1898-1956).
    • t
    • Tytuł ujednolicony/tytuł (NP)
    • Mutter Courage und ihre Kinder Find
    • l
    • Język tekstu (NP)
    • (niem.)
    • 9
    • KHW
    • 401926
700 -Hasło dodatkowe - nazwa osobowa [1,2]
    • a
    • Nazwa osobowa (NP)
    • Brecht, Bertolt Find
    • d
    • Daty biograficzne (NP)
    • (1898-1956).
    • t
    • Tytuł ujednolicony/tytuł (NP)
    • Verhör des Lukullus Find
    • l
    • Język tekstu (NP)
    • (niem.)
    • 9
    • KHW
    • 449114
700 -Hasło dodatkowe - nazwa osobowa [1,2]
    • a
    • Nazwa osobowa (NP)
    • Brecht, Bertolt Find
    • d
    • Daty biograficzne (NP)
    • (1898-1956).
    • t
    • Tytuł ujednolicony/tytuł (NP)
    • Gute Mensch von Sezuan Find
    • l
    • Język tekstu (NP)
    • (niem.)
    • 9
    • KHW
    • 449107
700 -Hasło dodatkowe - nazwa osobowa [1,2]
    • a
    • Nazwa osobowa (NP)
    • Brecht, Bertolt Find
    • d
    • Daty biograficzne (NP)
    • (1898-1956).
    • t
    • Tytuł ujednolicony/tytuł (NP)
    • Herr Puntila und sein Knecht Matti Find
    • l
    • Język tekstu (NP)
    • (niem.)
    • 9
    • KHW
    • 449108
700 -Hasło dodatkowe - nazwa osobowa [1,2]
    • a
    • Nazwa osobowa (NP)
    • Brecht, Bertolt Find
    • d
    • Daty biograficzne (NP)
    • (1898-1956).
    • t
    • Tytuł ujednolicony/tytuł (NP)
    • Aufhaltsame Aufstieg des Arturo Ui Find
    • l
    • Język tekstu (NP)
    • (niem.)
    • 9
    • KHW
    • 449073
700 -Hasło dodatkowe - nazwa osobowa [1,2]
    • a
    • Nazwa osobowa (NP)
    • Brecht, Bertolt Find
    • d
    • Daty biograficzne (NP)
    • (1898-1956).
    • t
    • Tytuł ujednolicony/tytuł (NP)
    • Gesichte der Simone Machard Find
    • l
    • Język tekstu (NP)
    • (niem.)
    • 9
    • KHW
    • 449126
700 -Hasło dodatkowe - nazwa osobowa [1,2]
    • a
    • Nazwa osobowa (NP)
    • Brecht, Bertolt Find
    • d
    • Daty biograficzne (NP)
    • (1898-1956).
    • t
    • Tytuł ujednolicony/tytuł (NP)
    • Schweyk im zweiten Weltkrieg Find
    • l
    • Język tekstu (NP)
    • (niem.)
    • 9
    • KHW
    • 449125
700 -Hasło dodatkowe - nazwa osobowa [1,2]
    • a
    • Nazwa osobowa (NP)
    • Brecht, Bertolt Find
    • d
    • Daty biograficzne (NP)
    • (1898-1956).
    • t
    • Tytuł ujednolicony/tytuł (NP)
    • Kaukasische Kreidekreis Find
    • l
    • Język tekstu (NP)
    • (niem.)
    • 9
    • KHW
    • 449109
700 -Hasło dodatkowe - nazwa osobowa [1,2]
    • a
    • Nazwa osobowa (NP)
    • Brecht, Bertolt Find
    • d
    • Daty biograficzne (NP)
    • (1898-1956).
    • t
    • Tytuł ujednolicony/tytuł (NP)
    • Tage der Commune Find
    • l
    • Język tekstu (NP)
    • (niem.)
    • 9
    • KHW
    • 449112
700 -Hasło dodatkowe - nazwa osobowa [1,2]
    • a
    • Nazwa osobowa (NP)
    • Brecht, Bertolt Find
    • d
    • Daty biograficzne (NP)
    • (1898-1956).
    • t
    • Tytuł ujednolicony/tytuł (NP)
    • Turandot oder der Kongress der Weisswäscher Find
    • l
    • Język tekstu (NP)
    • (niem.)
    • 9
    • KHW
    • 449129
700 -Hasło dodatkowe - nazwa osobowa [1,2]
    • a
    • Nazwa osobowa (NP)
    • Brecht, Bertolt Find
    • d
    • Daty biograficzne (NP)
    • (1898-1956).
    • t
    • Tytuł ujednolicony/tytuł (NP)
    • Kleinbürgerhochzeit Find
    • l
    • Język tekstu (NP)
    • (niem.)
    • 9
    • KHW
    • 449130
700 -Hasło dodatkowe - nazwa osobowa [1,2]
    • a
    • Nazwa osobowa (NP)
    • Brecht, Bertolt Find
    • d
    • Daty biograficzne (NP)
    • (1898-1956).
    • t
    • Tytuł ujednolicony/tytuł (NP)
    • Bettler oder der tote Hund Find
    • l
    • Język tekstu (NP)
    • (niem.)
    • 9
    • KHW
    • 449131
700 -Hasło dodatkowe - nazwa osobowa [1,2]
    • a
    • Nazwa osobowa (NP)
    • Brecht, Bertolt Find
    • d
    • Daty biograficzne (NP)
    • (1898-1956).
    • t
    • Tytuł ujednolicony/tytuł (NP)
    • Er treibt einen Teufel aus Find
    • l
    • Język tekstu (NP)
    • (niem.)
    • 9
    • KHW
    • 449133
700 -Hasło dodatkowe - nazwa osobowa [1,2]
    • a
    • Nazwa osobowa (NP)
    • Brecht, Bertolt Find
    • d
    • Daty biograficzne (NP)
    • (1898-1956).
    • t
    • Tytuł ujednolicony/tytuł (NP)
    • Lux in Tenebris Find
    • l
    • Język tekstu (NP)
    • (niem.)
    • 9
    • KHW
    • 449134
700 -Hasło dodatkowe - nazwa osobowa [1,2]
    • a
    • Nazwa osobowa (NP)
    • Brecht, Bertolt Find
    • d
    • Daty biograficzne (NP)
    • (1898-1956).
    • t
    • Tytuł ujednolicony/tytuł (NP)
    • Fischzug Find
    • l
    • Język tekstu (NP)
    • (niem.)
    • 9
    • KHW
    • 449132
700 -Hasło dodatkowe - nazwa osobowa [1,2]
    • a
    • Nazwa osobowa (NP)
    • Brecht, Bertolt Find
    • d
    • Daty biograficzne (NP)
    • (1898-1956).
    • t
    • Tytuł ujednolicony/tytuł (NP)
    • Dansen Find
    • l
    • Język tekstu (NP)
    • (niem.)
    • 9
    • KHW
    • 449135
700 -Hasło dodatkowe - nazwa osobowa [1,2]
    • a
    • Nazwa osobowa (NP)
    • Brecht, Bertolt Find
    • d
    • Daty biograficzne (NP)
    • (1898-1956).
    • t
    • Tytuł ujednolicony/tytuł (NP)
    • Was kostet das Eisen? Find
    • l
    • Język tekstu (NP)
    • (niem.)
    • 9
    • KHW
    • 449136
700 -Hasło dodatkowe - nazwa osobowa [1,2]
    • a
    • Nazwa osobowa (NP)
    • Brecht, Bertolt Find
    • d
    • Daty biograficzne (NP)
    • (1898-1956).
    • t
    • Tytuł ujednolicony/tytuł (NP)
    • Sieben Todsünden der Kleinbürger Find
    • l
    • Język tekstu (NP)
    • (niem.)
    • 9
    • KHW
    • 449127
700 -Hasło dodatkowe - nazwa osobowa [1,2]
    • a
    • Nazwa osobowa (NP)
    • Brecht, Bertolt Find
    • d
    • Daty biograficzne (NP)
    • (1898-1956).
    • t
    • Tytuł ujednolicony/tytuł (NP)
    • Epische Theater Find
    • l
    • Język tekstu (NP)
    • (niem.)
    • 9
    • KHW
    • 449137
710 -Hasło dodatkowe - nazwa ciała zbiorowego [2, ]
    • a
    • Nazwa ciała zbiorowego lub nazwa geograficzna jako pierwszy element (NP)
    • Suhrkamp Verlag.
    • 4
    • Kod relacji
    • pbl
    • 9
    • KHW
    • 56105
920 -ISBN [ , ]
    • a
    • ISBN
    • 3-518-02474-4 Find
Sygnatura Lokalizacja Status udost. Numer inwentarzowy
Germ. Literatura niemieckaBM-3G.934